Normes per a la correcta aplicació de la imatge gràfica : Servei de Parcs Naturals i Medi Ambient / redactades per Claret Serrahima Servei de Parcs Naturals i Medi Ambient / redactades per Claret Serrahima
Descripción Física:
48 p. : il. ; 21 cm
MARC
| LEADER | 00000nam a2200000Ia 4500 | ||
|---|---|---|---|
| 001 | 18751 | ||
| 008 | 160829s1978 xx 000 0 cat d | ||
| 080 | |a FOL-3-9 | ||
| 100 | |a Serrahima, Claret |9 44644 | ||
| 245 | |a Normes per a la correcta aplicació de la imatge gràfica : |b Servei de Parcs Naturals i Medi Ambient / redactades per Claret Serrahima | ||
| 260 | |a Barcelona : |b el Servei, |c 1978 | ||
| 300 | |a 48 p. : |b il. ; |c 21 cm | ||
| 650 | |a Barcelona. Diputació. Servei de Parcs Naturals |x Normes |9 44645 | ||
| 650 | |a Barcelona. Diputació. Servei de Medi Ambient |x Normes |9 44646 | ||
| 650 | |a Grafisme |9 44647 | ||
| 710 | |a Barcelona (Catalunya : Província). |b Servei de Parcs Naturals |9 53492 | ||
| 710 | 1 | |a Barcelona (Catalunya : Província). |b Servei de Medi Ambient |9 53475 | |
| 901 | |a Arxiu | ||
| 942 | |n 1 | ||
| 952 | |0 0 |1 0 |4 0 |6 FOL39 |7 1 |9 52068 |a Arxiu |b Arxiu |d 2016-12-01 |l 0 |o FOL-3-9 |p 18751 |r 2016-12-01 00:00:00 |w 2016-12-01 |y ARXIU | ||
| 999 | |c 55916 |d 55916 | ||